| 000 | 00815cam a2200229 a 4500 | ||
|---|---|---|---|
| 001 | 000010019 | ||
| 005 | 20200929161814.0 | ||
| 008 | 761023s1976 pr ac b 000 0 spa | ||
| 040 |
_aDO-SdBNP _bspa _dBNPHU |
||
| 082 |
_aPR861.44 _bM433c, 1975 |
||
| 100 | 1 |
_aMatos Paoli, Francisco, _d1915-2000 _99173 |
|
| 245 | 1 | 0 |
_aCanto de la locura / _cFrancisco Matos Paoli ; prólogo Isabel Freire de Matos. |
| 250 | _a2a. ed., amp. y rev. | ||
| 260 |
_aSan Juan, Puerto Rico : _bInstituto de Cultura Puertorriqueña, _c1976. |
||
| 300 |
_a114 p. : _bil. , retrs. ; _c18 cm. |
||
| 490 | 1 |
_aSerie Literatura hoy _v1 |
|
| 650 | 4 |
_aPoesia puertorriqueña _91015 |
|
| 650 | 4 |
_aLiteratura puertorriqueña _9250 |
|
| 700 | 1 |
_aFreire de Matos, Isabel. _epról. _924966 |
|
| 830 | 0 |
_aSerie Literatura hoy ; _v1 _917286 |
|
| 049 | _aBNGR | ||
| 999 |
_c9778 _d9778 |
||